Pays par nombre de frontières - Statistiques

Statistiques générales
  • Ce quiz a été pris 141 fois
  • Le résultat moyen est 9 sur 12
Statistiques - réponses
Nombre de frontière Réponse % Correct
14 Chine | Russie
97%
11 France
86%
1 Brunei | Chypre | Corée du Sud | Gambie | Haïti | Irlande | Lesotho | Monaco | Papouasie-Nouvelle-Guinée | Portugal | Qatar | République dominicaine | Saint-Marin | Timor oriental | Vatican
77%
2 Andorre | Bangladesh | Belize | Bhoutan | Canada | Costa Rica | Danemark | Emirats Arabes Unis | Equateur | Estonie | Eswatini | Etats-Unis | Guinée-Bissau | Guinée équatoriale | Koweït | Liban | Liechtenstein | Moldavie | Mongolie | Népal | Nicaragua | Panama | Salvador | Sierra Leone | Suède | Tunisie | Uruguay | Yémen
75%
5 Argentine | Azerbaïdjan | Biélorussie | Birmanie | Bolivie | Bulgarie |Colombie | Côte d'Ivoire | Croatie | Espagne | Kazakhstan | Kenya | Laos | Ouganda | Ouzbékistan | Pérou | République Centrafricaine | République du Congo | Roumanie | Sénégal | Slovaquie | Suisse | Syrie
74%
3 Bosnie-herzégovine | Burundi | Cambodge | Chili | Corée du Nord | Djibouti | Egypte | Érythrée | Finlande | Gabon | Ghana | Guyana | Honduras | Indonésie | Libéria | Luxembourg | Malaisie | Malawi | Maroc | Mexique | Norvège | Oman | Paraguay | Pays-Bas | Royaume-Uni | Somalie | Suriname | Togo | Venezuela | Viêt Nam
71%
6 Afghanistan | Afrique du Sud | Algérie | Burkina Faso | Cameroun | Ethiopie | Guinée | Inde | Irak | Italie | Libye | Mozambique | Soudan du sud | Tchad
69%
4 Albanie | Angola | Arménie | Belgique | Bénin | Botswana | Géorgie | Grèce | Guatemala | Israël | Jordanie | Kirghizistan | Kosovo | Lettonie | Lituanie | Macédoine du Nord | Mauritanie | Monténégro | Namibie | Nigeria | Pakistan | République Tchèque | Rwanda | Slovénie | Tadjikistan | Thaïlande | Turkménistan | Zimbabwe
67%
9 Allemagne | République Démocratique du Congo
66%
7 Arabie Saoudite | Hongrie | Iran | Mali | Niger | Pologne | Soudan | Ukraine
66%
10 Brésil
66%
8 Autriche | Serbie | Tanzanie | Turquie | Zambie
47%
Aucun quiz correspondant
Distribution des résultats
% des personnes avec chaque résultat
Percentile par nombre de réponses
Votre historique - résultats
Vous n’avez pas pris ce quiz